El Salvador frente a la inversión extranjera directa

Guardado en:
Bibliografiske detaljer
Format: Texto
Tags: Tilføj Tag
Ingen Tags, Vær først til at tagge denne postø!

MARC

LEADER 00000 a a2200000 04500
001 42606
003
040
245 |a El Salvador frente a la inversión extranjera directa  
773 |g volumen25, número1115 (2004), páginas 6-7  
999 |c 24379  |d 24379